000 00836nam a2200229 a 4500
001 000030725
005 20200930062456.0
008 110526s2010 dr a 000 0 spa d
040 _aDO-SdBNP
_bspa
_cBNPHU
082 _a296.8
_bG934s
100 1 _aGuerrero, Sandry S.
_957303
245 1 0 _aSectas judaicas /
_cSandry Sierra Gerrero.
260 _a[Santo Domingo :
_bs.n.,
_c2010.].
300 _av. ;
_c21 cm.
505 0 _gIntroducción --
_tFariseos --
_tEsenios --
_tSaduceos --
_tZelotes --
_tMacabeos --
_tHerodianos --
_tEscribas --
_tSanedrín --
_tEl reino de Cristo --
_gBibliografía.
590 _aInventariado, 2018/VM
500 _aLa biblioteca posee el v. 1.
504 _aBibliografía: p. 161-168.
650 4 _aSectas judías
_xHistoria
_957304
650 4 _aJudaismo
_924148
910 _aValidado. Control de calidad EMS
999 _c30217
_d30217